Список председателей и членов Санкт-Петербургской судебной палаты за время с 1866 по 1901 г.

Доступно только в Электронных читальных залах Найти на картеНа карте
RUSMARC
00003712nac2a22002531x 450
0018eab87c6-3d36-47f3-9298-cbce5c3f36bd
00520131009152446.0
100##$a20130529l1901 k y0rusy50 ca
1010#$arus
102##$aRU
105##$ay z |||||
1222#$ad1866
$ad1901
2001#$aСписок председателей и членов Санкт-Петербургской судебной палаты за время с 1866 по 1901 г.
$j[1901]
215##$a5 листов
251##$cДело
300##$aДокумент напечатан типографским способом
330##$aДокументальные материалы, отложившиеся в результате служебной и общественной деятельности А. Ф. Кони; По судебному ведомству
461#0$10013a54f2e3-e9cf-409b-80fa-f0a9bd3c40cb
$12001
$aКони Анатолий Федорович, юрист, литератор, член академии наук, председатель Санкт-Петербургского окружного суда, член государственного совета
$1251
$cФонд
$1852
$j564
462#0$100178a475cd-a47d-4377-bff3-cee4b81de655
$12001
$aОпись дел фонда А. Ф. Кони за 1880-1931 гг.
$1251
$cОпись
$1852
$j1
600#1$aКони
$bА. Ф.
$f1844-1927
$gАнатолий Федорович
60102$3RU\NLR\AUTH\8810066741
$aПетербургская судебная палата
801#0$aRU
$bGA_RF
801#1$aRU
$bНПО Опыт
$c20130529
$2rusmarc
801#2$aRU
$bПБ им. Б.Н. Ельцина
$c20131009
$gRCR
$2rusmarc
852##$aГА РФ
$j612
937##$d38681864
$hПБ
035##$aRuPRLIB51001328
Формат отображения